Loading...
| Ancient History and Archaeology | 1 | 10.00 | 0% | 0% | 200% |
| Beliefs | 5 | 12.00 | 240% | 40% | 80% |
| British and Commonwealth History | 1 | 20.00 | 400% | 0% | 200% |
| Current Events | 3 | 10.00 | 267% | 67% | 0% |
| Fine Arts - Auditory | 5 | 12.00 | 240% | 40% | 80% |
| Fine Arts - Visual | 1 | 0.00 | 0% | 0% | 0% |
| Geography | 1 | 0.00 | 0% | 0% | 0% |
| History - American | 4 | 15.00 | 200% | 150% | 50% |
| History - European | 3 | 13.33 | 267% | 67% | 67% |
| History - World | 3 | 10.00 | 133% | 133% | 0% |
| Literature - American | 3 | 6.67 | 133% | 67% | 0% |
| Literature - British | 4 | 7.50 | 200% | 0% | 50% |
| Literature - European | 2 | 15.00 | 400% | 0% | 100% |
| Other Arts: Auditory | 2 | 15.00 | 0% | 200% | 100% |
| Other Arts: Visual | 1 | 10.00 | 0% | 0% | 200% |
| Other Science: Earth Science | 2 | 10.00 | 200% | 100% | 0% |
| Other Science: Math | 1 | 20.00 | 0% | 200% | 200% |
| Philosophy | 5 | 8.00 | 160% | 0% | 80% |
| Science - Biology | 3 | 13.33 | 133% | 133% | 67% |
| Science - Chemistry | 3 | 16.67 | 267% | 67% | 133% |
| Science - Physics | 1 | 10.00 | 400% | 0% | 0% |
| Social Science | 3 | 16.67 | 267% | 67% | 133% |
| World and Other Literature | 5 | 6.00 | 160% | 0% | 40% |